Estadísticas para Provincias de Argentina (con mapa)

Haz click aquí para tomar la prueba!

Estadísticas generales

  • Esta prueba ha sido tomada 5,206 veces
  • La puntuación promedio es 18 de 24

Estadísticas de respuestas

Province % Correcto
Buenos Aires
99%
Ciudad de Buenos Aires
99%
Córdoba
90%
Tierra del Fuego
81%
Mendoza
81%
Jujuy
80%
La Pampa
80%
Salta
78%
Santa Fe
77%
Tucumán
76%
Misiones
76%
Entre Ríos
74%
Rio Negro
73%
Chubut
72%
Chaco
71%
San Luis
71%
Corrientes
71%
Neuquén
71%
Formosa
71%
San Juan
70%
Santiago del Estero
69%
La Rioja
68%
Catamarca
66%
Santa Cruz
66%

Distribución de puntuación

Porcentaje por número respondido

Porcentaje de gente con cada puntuación

Historial de tus puntuaciones

No has tomado esta prueba